Nombre de KFC par pays - Statistiques

Statistiques générales
  • Ce quiz a été pris 160 fois
  • Le résultat moyen est 53 sur 112
Statistiques - réponses
Nombre de restaurant Pays % Correct
4062 États Unis
99%
262 France
99%
7980 Chine
93%
909 Royaume Uni
88%
143 Espagne
87%
1131 Japon
86%
191 Allemagne
85%
639 Canada
85%
393 Mexique
83%
60 Brésil
81%
68 Italie
80%
34 Portugal
80%
30 Maroc
78%
1 Algérie
75%
11 Suisse
74%
395 Inde
73%
15 Belgique
71%
190 Corée du Sud
71%
12 Suède
71%
653 Australie
69%
11 Tunisie
69%
142 Turquie
68%
955 Afrique du Sud
66%
40 Irlande
66%
48 Ukraine
65%
315 Pologne
64%
77 Pays-Bas
63%
220 Arabie Saoudite
62%
6 Finlande
61%
12 Grèce
61%
717 Thailande
61%
164 Egypte
59%
689 Indonesie
59%
11 Autriche
58%
97 Chili
56%
8 Croatie
56%
12 Danemark
55%
80 Hongrie
55%
6 Lituanie
54%
1 Luxembourg
54%
39 Qatar
54%
7 Estonie
53%
7 Slovaquie
53%
8 Irak
51%
8 Islande
51%
5 Lettonie
51%
100 Nouvelle Zélande
51%
94 Roumanie
51%
1 Slovénie
51%
15 Israel
50%
115 Pakistan
49%
13 Serbie
49%
114 Tchéquie
49%
8 Albanie
48%
3 Sénégal
48%
137 Vietnam
48%
28 Bulgarie
47%
24 Nigeria
47%
155 Émirats arabes unis
46%
66 Kazakhstan
46%
19 Biélorussie
43%
332 Philippines
43%
770 Malaisie
42%
23 Liban
41%
2 Moldavie
39%
25 Venezuela
39%
1 Yémen
39%
3 Malte
37%
12 Mongolie
37%
25 Chypre
36%
13 Kosovo
36%
5 Macédoine
36%
86 Singapour
35%
32 Bangladesh
34%
6 Côte d'Ivoire
34%
5 Géorgie
34%
36 Oman
34%
30 Panama
34%
11 Cambodge
33%
126 Equateur
33%
153 Taiwan
33%
27 Jordanie
32%
11 Arménie
31%
2 Madagascar
31%
8 Soudan
31%
11 Azerbaïdjan
29%
12 Népal
28%
13 Ouzbékistan
28%
9 Angola
27%
33 Birmanie
27%
23 Kenya
27%
21 Ghana
26%
66 Koweït
26%
21 Namibie
26%
4 Zambie
26%
6 Zimbabwe
26%
12 Mozambique
25%
4 Gabon
24%
6 Tanzanie
24%
24 Bahreïn
23%
4 Kirghizistan
22%
1 Rwanda
21%
10 Tadjikistan
21%
16 Botswana
20%
39 Sri Lanka
18%
8 Lesotho
16%
2 Malawi
16%
12 Ouganda
16%
2 Maldives
15%
17 Brunei
14%
10 Eswatini
14%
22 Maurice
14%
Aucun quiz correspondant
Distribution des résultats
% des personnes avec chaque résultat
Percentile par nombre de réponses
Votre historique - résultats
Vous n’avez pas pris ce quiz